Gadamer and the Social Turn in Epistemology /

Сохранить в:
Библиографические подробности
Главный автор: Culbertson, Carolyn (autor)
Формат:
Язык:английский
Опубликовано: Albany, EUA : State University of New York, 2024, c2024
Серии:(SUNY Series in Contemporary Continental Philosophy)
Предметы:
Online-ссылка:Ver documento en línea
Метки: Добавить метку
Нет меток, Требуется 1-ая метка записи!

MARC

LEADER 00000nam^a2200000^a^4500
001 000591154
005 20251023000000.0
009 20260310132922.94
020 |a 9781438498171 
037 |a Acervo ITESO - Biblioteca 
041 |a ING 
082 |a 121. 68  |b GAD EST CUL 
100 |a Culbertson, Carolyn  |e (autor) 
245 1 0 |a Gadamer and the Social Turn in Epistemology /  |c C. Culbertson. 
264 4 |a Albany, EUA :  |b State University of New York,  |c 2024, c2024 
264 2 |a Cartagena, España :  |b Odilo [distribución],  |c 2024 
300 |a 1 libro electrónico en línea (206 p.) 
300 |a 1 recurso en línea 
336 |a datos para computadora  |b cod  |2 rdacontenido 
337 |a computadora  |b c  |2 rdamedio 
338 |a recurso en línea  |b cr  |2 rdasoporte 
440 1 |a (SUNY Series in Contemporary Continental Philosophy) 
506 1 |a 1 licencia 
521 |a Odilo 2024 EEnlace Departamento de Formación Humana 
649 |a XX 
650 |a Filósofos Alemanes 
650 |a Objetividad y Subjetividad en la Ciencia 
650 |a Epistemología -  |x Historia y Crítica -  |x Tema Principal 
650 |a Hermenéutica -  |x Historia y Crítica -  |x Tema Principal 
650 |a Filosofía del Lenguaje -  |x Historia y Crítica 
650 |a Filosofía del Siglo XX -  |x Historia y Crítica 
650 |a Filosofía Alemana -  |x Historia y Crítica 
650 |a Gadamer, Hans-Georg -  |x Tema Principal 
856 4 0 |u https://iteso-odilotk-es.ezproxy.iteso.mx/info/03899154  |y Ver documento en línea 
910 |a Fondo General 
920 |a Electrónicos - Libros en Línea 
930 |a Plataforma Digital 
905 |a 205 
901 |a 591154-1  |b IT2  |c EBO  |u 20250521 
902 |a https://opac.biblio.iteso.mx/vufind/Record/000591154